THE HIGH-SPEED CAMERA IN MACHINING

Bibliographic Details
Main Authors: Novák, Martin (Author), Náprstková, Nataša, 1968- (Author)
Format: Article
Language:English

MARC

LEADER 00000nab a2200000 a 4500
001 vtls011117961
003 SK-MaSNL
005 20260303145325.0
008 230222|2011 xo |||||||||||||||||eng|
015 |a SNBRB 
035 |a (uuid)6487d876-ca5d-4aa5-a251-cdfab4840519 
035 |a (urnnbn)urn:nbn:sk:snk:ar-a08m78 
035 |a urn:nbn:sk:snk-ab9o9y 
040 |a SNKBUCL  |b slo  |c SNKBUCL  |e AACR2 
041 0 |a eng 
044 |a xo  |c SK 
100 1 |a Novák, Martin  |4 aut  |9 417093 
245 1 0 |a THE HIGH-SPEED CAMERA IN MACHINING  |c Martin Novák, Nataša Náprstková 
246 3 |a VYSOKORYCHLOSTNÍ KAMERA V OBRÁBĚNÍ 
700 1 |a Náprstková, Nataša,  |d 1968-  |4 aut  |9 223286 
773 0 |t Acta Facultatis technicae Zvolen : vedecký časopis Fakulty environmentálnej a výrobnej techniky  |g Roč. 16, č. 2 (2011), s. 141-148 
958 |a OND 
958 |a EUIPO 
958 |a article13 
999 |c 2002190  |d 2004120